Six soviet plays / (Record no. 121706)

MARC details
000 -LEADER
campo de control de longitud fija 00936nam a2200181 4500
001 - NÚMERO DE CONTROL
campo de control 121706
003 - IDENTIFICADOR DE NÚMERO DE CONTROL
campo de control ES-MaACL
005 - FECHA Y HORA DE LA ÚLTIMA TRANSACCIÓN
campo de control 20230906191815.0
007 - CAMPO FIJO DE DESCRIPCIÓN FÍSICA--INFORMACIÓN GENERAL
campo de control de longitud fija t|
008 - DATOS DE LONGITUD FIJA--INFORMACIÓN GENERAL
campo de control de longitud fija 070214s1935 xxk r ||||1| eng d
245 00 - MENCIÓN DEL TÍTULO
Título Six soviet plays /
Mención de responsabilidad, etc. edited by Eugene Lyons ; with an introduction by Elmer Rice.
260 ## - PUBLICACIÓN, DISTRIBUCIÓN, ETC.
Lugar de publicación, distribución, etc. London :
Nombre del editor, distribuidor, etc. Victor Gollancz,
Fecha de publicación, distribución, etc. 1935.
300 ## - DESCRIPCIÓN FÍSICA
Extensión 608 p. ;
Dimensiones 19 x 12 cm.
505 8# - NOTA DE CONTENIDO CON FORMATO
Nota de contenido con formato Contiene: Days of the Turbins, by Michael Bulgakov; translated by Eugene Lyons. --- Squaring the circle, by Valentine Katayev; translated by Eugene Lyons and Charles Malamuth. --- Tempo, by Nikolai Pogodin; translated by Irving Talmadge --- Inga, by Anatole Giebov; translated by Charles Malamuth. --- Bread, by Vladimir Kirshon; translated by Sonia Volochova. ---- Fear, by Alexander Afinogenyev; translated by Charles Malamuth.
700 1# - ENTRADA AGREGADA--NOMBRE PERSONAL
Nombre de persona Lyons, Eugene.
9 (RLIN) 74958
700 1# - ENTRADA AGREGADA--NOMBRE PERSONAL
Nombre de persona Rice, Elmer.
9 (RLIN) 96888
852 ## - LOCALIZACIÓN
Ubicación ES-MaACL
Número de control de estantería A-3186
Holdings
Estatus retirado Estado de pérdida Estado de daño No para préstamo Biblioteca de origen Biblioteca actual Ubicación en estantería Fecha de adquisición Fuente de adquisición Total de préstamos Signatura topográfica completa Código de barras Visto por última vez Precio de reemplazo Tipo de ítem Koha
        Biblioteca del Ateneo de Madrid Biblioteca del Ateneo de Madrid Sala Pecera Planta 1 17/01/2008     A-3186 1126831 23/02/2023 23/02/2023 Libro impreso